Vista normal
Vista MARC
Entrada Topical Term
Número de registros utilizados en: 2
001 - CONTROL NUMBER
- control field: 11892
003 - CONTROL NUMBER IDENTIFIER
- control field: OSt
005 - DATE AND TIME OF LATEST TRANSACTION
- control field: 20230915230210.0
008 - FIXED-LENGTH DATA ELEMENTS
- fixed length control field: 230915|| aca||aabn | a|a d
040 ## - CATALOGING SOURCE
- Original cataloging agency: OSt
- Transcribing agency: OSt
150 ## - HEADING--TOPICAL TERM
- Topical term or geographic name entry element: COLOMBIA HISTORIA CONSTITUCIONAL1986
670 ## - SOURCE DATA FOUND
- Source citation: Work cat.: (OSt)21271: Jaramillo Uribe ; Jaime, Lemaitre Eduardo, Valderrama Andrade Carlos, Restrepo Abondano 11890, Nuñez y Caro 1886, 1986